A dark night's passing
Zapisane w:
| 1. autor: | |
|---|---|
| Format: | Książka |
| Język: | angielski |
| Wydane: |
Tokio
Kodansha International
1990
|
| Hasła przedmiotowe: | |
| Etykiety: |
Dodaj etykietę
Nie ma etykietki, Dołącz pierwszą etykiete!
|
MARC
| LEADER | 00000nam a2200000 a 4500 | ||
|---|---|---|---|
| 001 | UCY1470 | ||
| 003 | CL-VaPUC | ||
| 008 | 940905e19900000JA |||||||||||||||||eng|d | ||
| 082 | 0 | 4 | |a 895.603 |b SHI |2 21 |
| 100 | 0 | |a Shiga, Naoya |e author |9 329463 | |
| 245 | 1 | 2 | |a A dark night's passing |
| 300 | |a 408 p | ||
| 942 | |c BK | ||
| 945 | |d 19940905 00:00:00 |a rbrito | ||
| 260 | |a Tokio |b Kodansha International |c 1990 | ||
| 650 | 7 | |a NOVELAS JAPONESAS |2 CL-VaPUC |9 329464 | |
| 583 | |a last modification |c 19940905 00:00:00 |k Rodrigo Vera | ||
| 999 | |c 230164 |d 230162 | ||
| 952 | |0 0 |1 0 |4 0 |6 895_603000000000000_SHI_1990 |7 0 |8 A |9 232207 |a BIBGIM |b BIBGIM |d 2019-11-15 |i 3015475 |o 895.603 SHI 1990 |p 3015475 |r 2025-01-15 |w 2019-11-15 |y BK |k ORI | ||